01544 a2200301 45000010006000000050017000060080041000230030015000640400040000790800034001192450040001530200018001932640033002113000023002445050546002671000027008137000022008407000031008627000026008937000025009197000032009447000032009767000030010087000024010387000024010627000025010868560131011111375920260407155444.0260407a2003 arg spa dAR-UNSa-BCEJYS aAR-UNSa-BCEJYSbspacAR-UNSa-BCEJYS a342.9xDerecho Administrativo10aElementos de derecho administrativo a950-527-835-7 1aBuenos Aires :bLa Leyc2003 axx, 681 p.c24 cm. a1. Funciones del Estado: Función administrativa, legislativa y judicial - 2. Fuentes del derecho administrativo - 3. Organización administrativa - 4. Organismos de control de la administración pública: Sindicatura General de la Nación - 5. Servicios públicos - 6. Poder de policía - 7. Entes reguladores - 8. El silencio de la administración - 10. Procedimiento administrativo - 11. Recursos administrativos - 12. Agotamiento de la vía administrativa - 13. Proceso contenciosoadministrativo - 14. Responsabilidad del Estado1 aHutchinson, Tomás A.1 aAdriao, Alejandro1 aBalbín, Carlos Francisco1 aCataldo, Juan Vicente1 aEliaschev, Nicolás1 aFilograsso, Débora Alicia1 aGarcia Sanz, Agustín A.M.1 aLópez Vergara, Patricia1 aOtheguy, Osvaldo O.1 aUgarte, Juan Manuel1 aVincenti, Rogelio W.41uhttps://biblioeco.unsa.edu.ar/pmb/images/libros/Elementos de Derecho Administrativo-l116126.jpgyImagen de portadaqimage/jpeg